Xenobiotic conjugation chemistry /
Enregistré dans:
| Collectivités auteurs: | , |
|---|---|
| Autres auteurs: | |
| Format: | Livre |
| Langue: | anglais |
| Publié: |
Washington, D.C.
American Chemical Society
1986.
|
| Collection: | ACS symposium series ;
299 |
| Sujets: | |
| Accès en ligne: | Voir à l'OPAC |
| Tags: |
Pas de tags, Soyez le premier à ajouter un tag!
|
MARC
| LEADER | 00000cam a2200000 a 4500 | ||
|---|---|---|---|
| 005 | 20260127134228.0 | ||
| 008 | 050414s1986 dcua b 101 0 eng | ||
| 010 | |a 85-032553 | ||
| 020 | |a 084120957X | ||
| 035 | |a vtls001523711 | ||
| 035 | |a (DLC) 85032553 | ||
| 035 | |a ()4279525 | ||
| 039 | 9 | |a 200504140749 |b mschk03 |y 200504140744 |z mschk03 | |
| 040 | |a STUSCHK1 |b slo |c STUSCHK1 | ||
| 082 | 0 | 0 | |a 574.19/2 |2 19 |
| 245 | 0 | 0 | |a Xenobiotic conjugation chemistry / |c Gaylord D. Paulson, editor ... [et al.]. |
| 260 | |a Washington, D.C. |b American Chemical Society |c 1986. | ||
| 300 | |a x, 358 p. |b ill. |c 24 cm. | ||
| 440 | 0 | |a ACS symposium series ; |v 299 | |
| 500 | |a "Developed from a symposium sponsored by the ACS Division of Pesticide Chemistry and the International Society for Study of Xenobiotics at the 189th meeting of the American Chemical Society, Miami Beach, Florida, April 28-May 3, 1985." | ||
| 504 | |a Includes bibliographies and indexes. | ||
| 650 | 0 | |a Xenobiotics |x Metabolism |x Congresses. | |
| 650 | 0 | |a Metabolic conjugation |x Congresses. | |
| 700 | 1 | |a Paulson, Gaylord D. | |
| 710 | 2 | |a American Chemical Society. |b Division of Pesticide Chemistry. | |
| 710 | 2 | |a International Society for the Study of Xenobiotics. | |
| 906 | |a 7 |b cbc |c orignew |d 1 |e ocip |f 19 |g y-gencatlg | ||
| 910 | |a SCHK95 | ||
| 919 | |a 0-8412-0957-X | ||
| 991 | |b c-GenColl |h QP529 |i .X45 1986 |p 00057250537 |t Copy 1 |v 299 |w BOOKS | ||
| 999 | |c 7261 |d 7261 | ||